Treyarch Zombies maps - Statistics

General Stats
  • This quiz has been taken 92 times
    13 since last reset
  • The average score is 26 of 38
Answer Stats
Game, Multiplayer map, Campaign mission Map % Correct
Black Ops II, Nuketown, None Nuketown
100%
Black Ops II, None, None Buried
92%
World at War, Nightfire, Eviction Der Riese
92%
Black Ops, None, U.S.S.D. "Five"
92%
Black Ops, None, None Kino der Toten
92%
World at War, Airfield, Hard Landing Nacht der Untoten
92%
Black Ops III, None, None Shadows of Evil
92%
Black Ops, None, None Shangri-La
92%
Black Ops, Launch, Executive Order Ascension
83%
Black Ops 4, None, None Blood of the Dead
83%
Black Ops III, Der Schatten, Demon Within Der Eisendrache
83%
Black Ops 4, None, None IX
83%
Black Ops II, None, None Mob of the Dead
83%
Black Ops, Hangar 18, None Moon
83%
Black Ops III, Infection, Demon Within Revelations
83%
World at War, Knee Deep, Semper Fi Shi No Numa
83%
Vanguard, Knee Deep, Semper Fi Shi No Numa
83%
Black Ops III, Nightfire, Eviction The Giant
83%
Black Ops II, None, None TranZit
83%
World at War, Asylum, Ring of Steel Verrückt
83%
Black Ops III, Revolution, Vendetta Gorod Krovi
75%
Black Ops II, None, None Origins
75%
Black Ops III, None, None Zetsubou No Shima
75%
Black Ops, Discovery, Project Nova Call of the Dead
67%
Black Ops II, None, None Die Rise
67%
Black Ops 4, None, None Voyage of Despair
67%
Black Ops 4, None, None Dead of the Night
58%
Black Ops Cold War, None, None Die Maschine
58%
Black Ops 4, Discovery, Project Nova Tag der Toten
58%
Black Ops 4, None, None Ancient Evil
50%
Black Ops 4, None, U.S.S.D. Classified
50%
Black Ops Cold War, Apocalypse, Fracture Jaw Firebase Z
50%
Black Ops 4, None, None Alpha Ωmega
42%
Black Ops Cold War, U-Bahn, Brick in the Wall Mauer der Toten
42%
Black Ops Cold War, Amerika, Redlight Greenlight Forsaken
33%
Vanguard, Desert Siege and Oasis, Battle of El Alamein The Archon
8%
Vanguard, Red Star and Hotel Royal, Lady Nightingale Der Anfang
0%
Vanguard, Desert Siege and Oasis, Battle of El Alamein Terra Maledicta
0%
No matching quizzes found
Score Distribution
Percent of People with Each Score
Percentile by Number Answered
Your Score History
You have not taken this quiz since the last reset